[Event "Tata Steel India Blitz w"]
[Site "Kolkata IND"]
[Date "2026.01.10"]
[Round "1.1"]
[White "Divya, Deshmukh"]
[Black "Tsolakidou, Stavroula"]
[Result "1-0"]
[WhiteTitle "GM"]
[BlackTitle "IM"]
[WhiteElo "2497"]
[BlackElo "2479"]
[WhiteFideId "35006916"]
[BlackFideId "4264312"]
[EventDate "2026.01.10"]

1. d4 Nf6 2. g3 d5 3. Bg2 c5 4. Nf3 cxd4 5. O-O h6 6. Bf4 e6 7. Nxd4 Be7 8. c4
O-O 9. Nc3 dxc4 10. Ndb5 Na6 11. Qc2 Qb6 12. Rad1 Bd7 13. Nd6 Bc6 14. Nxc4 Qc5
15. Na4 Qa5 16. Bxc6 bxc6 17. a3 Qh5 18. Ne5 Rac8 19. Qc4 Nb8 20. Nc3 Nd5 21.
Nxd5 cxd5 22. Qd3 Bd6 23. Ng6 Qxg6 24. Qxg6 fxg6 25. Bxd6 Nd7 26. Bxf8 1-0

[Event "Tata Steel India Blitz w"]
[Site "Kolkata IND"]
[Date "2026.01.10"]
[Round "1.2"]
[White "Goryachkina, Aleksandra"]
[Black "Vantika, Agrawal"]
[Result "1/2-1/2"]
[WhiteTitle "GM"]
[BlackTitle "IM"]
[WhiteElo "2534"]
[BlackElo "2375"]
[WhiteFideId "4147103"]
[BlackFideId "25050389"]
[EventDate "2026.01.10"]

1. e4 c5 2. Nf3 d6 3. Bb5+ Bd7 4. Bxd7+ Qxd7 5. O-O Nc6 6. c3 d5 7. exd5 Qxd5 8.
d4 e6 9. Be3 cxd4 10. Nxd4 Nf6 11. Qa4 Be7 12. Nxc6 bxc6 13. Rd1 Qb5 14. Qxb5
cxb5 15. a4 b4 16. c4 O-O 17. Nd2 Rfc8 18. Rac1 Bc5 19. Bxc5 Rxc5 20. Nb3 Rc7
21. f3 Rac8 22. Rd6 Kf8 23. c5 Nd7 24. Rd4 Nxc5 25. Nxc5 Rxc5 26. Rxc5 Rxc5 27.
Rxb4 a5 28. Rb7 g6 29. Kf2 Rc4 30. b3 Rc2+ 31. Kg3 Rb2 32. h4 h5 33. Rb5 Kg7 34.
Kf4 Kf6 35. g4 hxg4 36. fxg4 Rf2+ 37. Ke3 Rb2 38. g5+ Kg7 39. Kd4 Rh2 40. Rxa5
Rxh4+ 41. Kc3 Rh3+ 42. Kb2 Rh2+ 43. Ka3 f5 44. gxf6+ Kxf6 45. Rc5 g5 46. a5 g4
47. a6 g3 48. Rc3 Rh8 49. Rxg3 Ra8 50. Kb4 Rxa6 51. Kc5 Ra1 52. b4 Rc1+ 53. Kb6
e5 54. b5 Rb1 55. Kc5 Rc1+ 56. Kb4 Kf5 57. b6 Rc8 58. b7 Rb8 59. Rg7 e4 60. Kc5
Kf4 61. Rf7+ Ke5 62. Kc6 e3 63. Re7+ Kd4 64. Kc7 Rxb7+ 65. Kxb7 Kd3 66. Kc6 e2
67. Kc5 Kd2 68. Rxe2+ Kxe2 1/2-1/2

[Event "Tata Steel India Blitz w"]
[Site "Kolkata IND"]
[Date "2026.01.10"]
[Round "1.3"]
[White "Dronavalli, Harika"]
[Black "Yip, Carissa"]
[Result "0-1"]
[WhiteTitle "GM"]
[BlackTitle "IM"]
[WhiteElo "2466"]
[BlackElo "2466"]
[WhiteFideId "5015197"]
[BlackFideId "2090732"]
[EventDate "2026.01.10"]

1. Nf3 d6 2. c4 g6 3. g3 e5 4. Nc3 Bg7 5. Bg2 f5 6. d4 e4 7. Ng5 Nc6 8. d5 Ne5
9. h4 Nf6 10. Be3 O-O 11. b3 Nfg4 12. Bd4 c5 13. dxc6 bxc6 14. O-O h6 15. Nh3
Be6 16. c5 d5 17. f3 f4 18. fxg4 f3 19. exf3 exf3 20. Bh1 Bxg4 21. Nf2 Qd7 22.
Qd2 Rae8 23. Rae1 Bh3 24. Ncd1 Bxf1 25. Rxf1 Qc7 26. Qc3 Ng4 0-1

[Event "Tata Steel India Blitz w"]
[Site "Kolkata IND"]
[Date "2026.01.10"]
[Round "1.4"]
[White "Vaishali, Rameshbabu"]
[Black "Dzagnidze, Nana"]
[Result "1-0"]
[WhiteTitle "GM"]
[BlackTitle "GM"]
[WhiteElo "2470"]
[BlackElo "2469"]
[WhiteFideId "5091756"]
[BlackFideId "13601903"]
[EventDate "2026.01.10"]

1. d4 Nf6 2. Nf3 e6 3. Bg5 b6 4. Nbd2 Bb7 5. e3 h6 6. Bh4 d5 7. c3 Nbd7 8. Bd3
Be7 9. O-O O-O 10. Ne5 Nxe5 11. dxe5 Ne4 12. Bxe7 Qxe7 13. f4 Rad8 14. a4 a5 15.
Nf3 c5 16. Qe2 Bc6 17. Bb5 Qd7 18. Bxc6 Qxc6 19. Nd2 Nxd2 20. Qxd2 d4 21. exd4
cxd4 22. cxd4 Qe4 23. Rad1 Rd7 24. f5 exf5 25. Rf4 Qc6 26. d5 Qc5+ 27. Kh1 Rfd8
28. Rd4 g6 29. h3 h5 30. b3 Rc7 31. Qg5 Qe7 32. Qf4 Rcd7 33. Qe3 Re8 34. e6 fxe6
35. d6 Qf6 36. Rc4 e5 37. Qxb6 Red8 38. Rc6 e4 39. Qxa5 Qe6 40. Qc5 e3 41. Rc8
e2 42. Rxd8+ Rxd8 43. Re1 Rxd6 44. Qc2 Qd7 45. Qxe2 Rd3 46. Qe5 Rxb3 47. Qf6 Qf7
48. Qc6 Rb8 49. a5 Rd8 50. a6 f4 51. a7 Rf8 52. a8=Q Rxa8 53. Qxa8+ Kg7 54. Qe4
Kh6 55. Qe5 f3 56. Qe3+ 1-0

[Event "Tata Steel India Blitz w"]
[Site "Kolkata IND"]
[Date "2026.01.10"]
[Round "1.5"]
[White "Lagno, Kateryna"]
[Black "Rakshitta, Ravi"]
[Result "0-1"]
[WhiteTitle "GM"]
[BlackTitle "WGM"]
[WhiteElo "2508"]
[BlackElo "2321"]
[WhiteFideId "14109336"]
[BlackFideId "25073230"]
[EventDate "2026.01.10"]

1. e4 e5 2. Nf3 Nc6 3. Bc4 Bc5 4. Nc3 Nf6 5. O-O O-O 6. d3 h6 7. Be3 Bb6 8. a3
d6 9. h3 Be6 10. Bxe6 fxe6 11. Qe2 Qe8 12. g3 Nh5 13. Nh4 Nd4 14. Bxd4 Bxd4 15.
Kg2 g5 16. Nf3 Bb6 17. Nh2 Kh7 18. Ng4 Qg6 19. Na4 Rf7 20. Nxb6 axb6 21. a4 Nf6
22. b4 h5 23. Ne3 d5 24. f3 h4 25. g4 Raf8 26. Kg1 c6 27. a5 b5 28. a6 d4 29.
Ng2 b6 30. Ra2 Ra7 31. Rfa1 Rfa8 32. Qd2 Nd7 33. c4 bxc4 34. dxc4 Qf6 35. Ne1
Qe7 36. Nd3 Kg6 37. b5 c5 38. Kg2 Rf8 39. Rf1 Rf7 40. Kg1 Rf8 41. Qh2 Qd6 42.
Rff2 Rf7 43. Qg2 Kh6 44. Qf1 Nf8 45. Qc1 Ng6 46. Qd2 Nf4 47. Nxf4 exf4 48. e5
Qxe5 49. Re2 Qf6 50. Qd3 e5 51. Re4 Rfe7 52. Rae2 Rad7 53. Re1 Ra7 54. R4e2 Rad7
55. Rd2 Ra7 56. Qe4 Rad7 57. Ra1 Ra7 58. Kf1 Qf7 59. Rc1 Qf6 60. Ke2 Red7 61.
Kd3 Re7 62. Re1 Kg7 63. Rde2 Rad7 64. Qf5 Qxf5+ 65. gxf5 Kf6 66. Rg1 Kxf5 67.
Reg2 Rg7 68. Re2 Rde7 69. Rg4 Rg8 70. Re4 Rgg7 71. Rg1 g4 72. fxg4+ Kg5 73. Rf1
Re6 74. Ke2 Rd7 75. Rd1 d3+ 76. Kf3 d2 77. Re2 Rd3+ 78. Kf2 e4 79. a7 e3+ 80.
Kf3 Re8 81. Kg2 Ra8 82. Kf3 Rxa7 83. Ke4 Rd4+ 84. Kf3 Ra3 0-1

[Event "Tata Steel India Blitz w"]
[Site "Kolkata IND"]
[Date "2026.01.10"]
[Round "2.1"]
[White "Rakshitta, Ravi"]
[Black "Dzagnidze, Nana"]
[Result "0-1"]
[WhiteTitle "WGM"]
[BlackTitle "GM"]
[WhiteElo "2321"]
[BlackElo "2469"]
[WhiteFideId "25073230"]
[BlackFideId "13601903"]
[EventDate "2026.01.10"]

1. e4 c5 2. Nf3 a6 3. c4 e6 4. d4 cxd4 5. Nxd4 Nf6 6. Bd3 Nc6 7. Nxc6 dxc6 8. e5
Qa5+ 9. Nc3 Qxe5+ 10. Be3 Bc5 11. O-O Bxe3 12. fxe3 O-O 13. Kh1 b5 14. Rf4 Bb7
15. Ne4 Nxe4 16. Rxe4 Qf6 17. c5 Rad8 18. Qc2 g6 19. Rf1 Qg5 20. b4 Bc8 21. Qc3
Rd5 22. Ref4 e5 23. R4f3 Rdd8 24. Rg3 Qe7 25. Be4 Bb7 26. Bc2 Rd7 27. Bb3 Bc8
28. Qc2 Kg7 29. Rgf3 Qd8 30. Qb2 Qc7 31. Rf6 Re7 32. Qf2 Bf5 33. Rxf5 gxf5 34.
Qxf5 f6 35. Bc2 Kh8 36. Rf3 Qd7 37. Qh5 Qd2 38. Rf1 Qxc2 39. Qh6 Ref7 40. h3 Qc4
41. Rd1 Qxb4 42. Rd7 Qxc5 43. Rc7 Rxc7 0-1

[Event "Tata Steel India Blitz w"]
[Site "Kolkata IND"]
[Date "2026.01.10"]
[Round "2.2"]
[White "Tsolakidou, Stavroula"]
[Black "Dronavalli, Harika"]
[Result "1-0"]
[WhiteTitle "IM"]
[BlackTitle "GM"]
[WhiteElo "2479"]
[BlackElo "2466"]
[WhiteFideId "4264312"]
[BlackFideId "5015197"]
[EventDate "2026.01.10"]

1. e4 e6 2. d4 d5 3. Nc3 Bb4 4. exd5 exd5 5. Bd3 Nf6 6. a3 Ba5 7. Bg5 c6 8. Ne2
h6 9. Bh4 Bc7 10. Qd2 a5 11. a4 Na6 12. O-O-O Nb4 13. h3 Be6 14. g4 g5 15. Bg3
Bxg3 16. Nxg3 Qd6 17. Nf5 Bxf5 18. Bxf5 Kd8 19. Ne2 Kc7 20. c3 Na6 21. Ng3 Rae8
22. Bd3 Qf4 23. Qxf4+ gxf4 24. Ne2 Ne4 25. Rhf1 f3 26. Ng1 Ng5 27. h4 Ne6 28.
Nxf3 f6 29. Bg6 Re7 30. Rde1 Kd6 31. Kd2 Nac7 32. Re3 Nf4 33. Rxe7 Kxe7 34. Re1+
Kd6 35. Bf5 h5 36. g5 fxg5 37. hxg5 Rf8 38. Nh4 Nce6 39. g6 Ng7 40. Bc2 Nfe6 41.
Re2 Rf4 42. Ng2 Rg4 43. Ne3 Rg1 44. Re1 Rg5 45. Rf1 Nf4 46. b4 axb4 47. cxb4 h4
48. Rh1 h3 49. a5 Ke7 50. Bd3 Kd6 51. b5 cxb5 52. Bxb5 Nge6 53. Bf1 Nxd4 54.
Bxh3 Rxg6 55. Bf1 Nb3+ 56. Kc3 Nxa5 57. Rh8 Nc6 58. Kd2 d4 59. Nc4+ Kc5 60. Nb2
Rg1 61. Nd3+ Nxd3 62. Bxd3 Ra1 63. Rh5+ Kb6 64. Rb5+ Kc7 65. f4 Ra2+ 66. Ke1 Ra3
67. Ke2 Ra5 68. Rb2 b6 69. Kf3 Rc5 70. Ke4 Rc1 71. f5 Re1+ 72. Kf4 Re3 73. Be4
Rc3 1-0

[Event "Tata Steel India Blitz w"]
[Site "Kolkata IND"]
[Date "2026.01.10"]
[Round "2.3"]
[White "Vantika, Agrawal"]
[Black "Divya, Deshmukh"]
[Result "1-0"]
[WhiteTitle "IM"]
[BlackTitle "GM"]
[WhiteElo "2375"]
[BlackElo "2497"]
[WhiteFideId "25050389"]
[BlackFideId "35006916"]
[EventDate "2026.01.10"]

1. d4 d5 2. c4 c6 3. Nf3 Nf6 4. e3 Bf5 5. Nc3 e6 6. Nh4 Bg6 7. Nxg6 hxg6 8. Bd2
Be7 9. Qc2 Qc7 10. h3 Nbd7 11. cxd5 exd5 12. O-O-O Nf8 13. Kb1 Ne6 14. Bd3 O-O-O
15. Rc1 Kb8 16. Na4 Ka8 17. Ka1 Rc8 18. b4 b5 19. Nc5 Nxc5 20. bxc5 a5 21. Rb1
Rb8 22. Rb3 a4 23. Rb4 Ne4 24. Bxe4 dxe4 25. Qxe4 f5 26. Qf3 Bf6 27. Rhb1 Rb7
28. Bc3 Rd8 29. g4 Rd5 30. Rxb5 fxg4 31. hxg4 Rxb5 32. Rxb5 Qh2 33. Rb6 Qg1+ 34.
Rb1 Qh2 35. Qd1 1-0

[Event "Tata Steel India Blitz w"]
[Site "Kolkata IND"]
[Date "2026.01.10"]
[Round "2.4"]
[White "Lagno, Kateryna"]
[Black "Goryachkina, Aleksandra"]
[Result "1/2-1/2"]
[WhiteTitle "GM"]
[BlackTitle "GM"]
[WhiteElo "2508"]
[BlackElo "2534"]
[WhiteFideId "14109336"]
[BlackFideId "4147103"]
[EventDate "2026.01.10"]

1. e4 c5 2. Nf3 Nc6 3. Nc3 e6 4. h3 Be7 5. Be2 Bf6 6. O-O Nge7 7. Re1 d5 8. exd5
exd5 9. d4 c4 10. Bf1 O-O 11. Ne2 Nf5 12. c3 Nh4 13. Nf4 Bf5 14. Nh5 Be4 15.
Nxf6+ Qxf6 16. Ng5 Bg6 17. Qg4 Nf5 18. h4 h5 19. Qf4 Rfe8 20. Bd2 b5 21. Be2 Nd6
22. Bf3 Ne4 23. Bxe4 dxe4 24. Qxf6 gxf6 25. Nh3 a5 26. a3 a4 27. Nf4 Rad8 28. f3
f5 29. Kf2 Ne7 30. Re2 Nd5 31. Nxg6 fxg6 32. Rae1 Kf7 33. fxe4 Rxe4 34. Rxe4
fxe4 35. Rxe4 Re8 36. Kf3 Rxe4 37. Kxe4 Ke6 38. Bg5 Nb6 39. Bf4 Nd5 40. Bb8 Ne7
41. g3 Nd5 42. Be5 Ne7 43. Kf4 Nd5+ 44. Kg5 Kf7 45. Bf4 Nf6 46. Be3 Nd5 47. Bd2
Nf6 48. Bf4 Ne4+ 49. Kh6 Nf6 50. Be5 Nd5 51. Kg5 Ne7 52. g4 hxg4 53. Kxg4 Nd5
54. Kg5 Ne7 55. Kf4 Ke6 56. Ke4 Nd5 57. Bg3 Nf6+ 58. Kf4 Nd5+ 59. Kg4 Kf6 60.
Be5+ Ke6 61. Kf3 Kf5 62. Bg3 Nf6 63. Be5 Nd5 1/2-1/2

[Event "Tata Steel India Blitz w"]
[Site "Kolkata IND"]
[Date "2026.01.10"]
[Round "2.5"]
[White "Yip, Carissa"]
[Black "Vaishali, Rameshbabu"]
[Result "1-0"]
[WhiteTitle "IM"]
[BlackTitle "GM"]
[WhiteElo "2466"]
[BlackElo "2470"]
[WhiteFideId "2090732"]
[BlackFideId "5091756"]
[EventDate "2026.01.10"]

1. e4 c6 2. d4 d5 3. e5 c5 4. Nf3 Bg4 5. dxc5 e6 6. Be3 Ne7 7. c3 Nd7 8. Bb5 Nc6
9. b4 Ndxe5 10. Nbd2 Nxf3+ 11. Nxf3 Be7 12. h3 Bh5 13. Qa4 Bxf3 14. Bxc6+ bxc6
15. Qxc6+ Kf8 16. gxf3 a5 17. b5 Rc8 18. Qb6 Qxb6 19. cxb6 Bd6 20. Kd2 Ke7 21.
Rhg1 g6 22. Rg4 Bc5 23. Ra4 Bxe3+ 24. fxe3 Ra8 25. c4 Rhb8 26. c5 Kd7 27. c6+
Kd6 28. b7 Ra7 29. Rc1 Kc7 30. b6+ Kxb6 31. c7 Raxb7 32. cxb8=Q 1-0

[Event "Tata Steel India Blitz w"]
[Site "Kolkata IND"]
[Date "2026.01.10"]
[Round "3.1"]
[White "Vaishali, Rameshbabu"]
[Black "Tsolakidou, Stavroula"]
[Result "1/2-1/2"]
[WhiteTitle "GM"]
[BlackTitle "IM"]
[WhiteElo "2470"]
[BlackElo "2479"]
[WhiteFideId "5091756"]
[BlackFideId "4264312"]
[EventDate "2026.01.10"]

1. e4 e6 2. d4 d5 3. Nc3 Nf6 4. exd5 exd5 5. Bg5 c6 6. Qd2 Be7 7. O-O-O O-O 8.
Nf3 a5 9. Re1 a4 10. a3 Be6 11. Bd3 b5 12. Na2 Na6 13. Kb1 Rb8 14. c3 c5 15.
dxc5 Nxc5 16. Qc2 h6 17. Be3 Nxd3 18. Qxd3 Qc8 19. Nd4 Ne4 20. Ka1 Bf6 21. Nb4
Nc5 22. Qe2 Bxd4 23. Bxd4 Nb3+ 24. Ka2 Qc4 25. Qxc4 dxc4 26. Be3 Rbd8 27. Rd1
Bf5 28. Nc6 Rxd1 29. Rxd1 Bc2 30. Rd7 Re8 31. Nb4 Be4 32. g3 Bf5 33. Rd5 g6 34.
Rxb5 Rd8 35. Rd5 Re8 36. Nc6 Kh7 37. Rd6 Be6 38. Nd4 Nxd4 39. Rxd4 Rb8 40. Kb1
h5 41. Kc1 Rb5 42. Rd8 Rd5 43. Rxd5 Bxd5 44. Bd4 g5 45. Kd2 Kg6 46. Ke3 Kf5 47.
f3 g4 48. fxg4+ Kxg4 49. Kf2 Kh3 50. Be5 f5 51. Bf4 Be4 52. Ke3 Bc2 53. Kd4 Bb3
54. Ke5 Kg4 55. Kf6 Bc2 56. Ke6 Bb3 57. Kd5 Kh3 58. Kd4 Kg4 59. Ke5 Bc2 60. Kf6
Bb3 1/2-1/2

[Event "Tata Steel India Blitz w"]
[Site "Kolkata IND"]
[Date "2026.01.10"]
[Round "3.2"]
[White "Dzagnidze, Nana"]
[Black "Yip, Carissa"]
[Result "0-1"]
[WhiteTitle "GM"]
[BlackTitle "IM"]
[WhiteElo "2469"]
[BlackElo "2466"]
[WhiteFideId "13601903"]
[BlackFideId "2090732"]
[EventDate "2026.01.10"]

1. Nf3 d6 2. c4 e5 3. Nc3 f5 4. d3 Nf6 5. g3 Be7 6. Bg2 O-O 7. O-O c6 8. b4 h6
9. b5 Be6 10. Rb1 Nbd7 11. bxc6 bxc6 12. Ba3 Qa5 13. Bb4 Qc7 14. Qa4 a5 15. Ba3
Nb6 16. Qc2 Rab8 17. c5 dxc5 18. Na4 Nxa4 19. Qxa4 Rxb1 20. Rxb1 Bxa2 21. Rc1
Bd5 22. Nh4 Bxg2 23. Kxg2 Qd7 24. Ng6 Rb8 25. Qc4+ Kh7 26. Nxe5 Qd5+ 27. Qxd5
cxd5 28. Nc6 Rb7 29. Nxe7 Rxe7 30. Rxc5 Rxe2 31. Rxa5 Ng4 32. Bc5 Rd2 33. h3 Ne5
34. Ra7 0-1

[Event "Tata Steel India Blitz w"]
[Site "Kolkata IND"]
[Date "2026.01.10"]
[Round "3.3"]
[White "Goryachkina, Aleksandra"]
[Black "Rakshitta, Ravi"]
[Result "1-0"]
[WhiteTitle "GM"]
[BlackTitle "WGM"]
[WhiteElo "2534"]
[BlackElo "2321"]
[WhiteFideId "4147103"]
[BlackFideId "25073230"]
[EventDate "2026.01.10"]

1. e4 e5 2. Nf3 Nc6 3. Bb5 f5 4. d3 fxe4 5. dxe4 Nf6 6. O-O d6 7. Bc4 Bg4 8. h3
Bh5 9. Qd3 Qd7 10. a4 O-O-O 11. Nc3 Be7 12. a5 Nb4 13. Qe2 Bxf3 14. Qxf3 Nxc2
15. Rb1 Nd4 16. Qd3 Nh5 17. a6 Rhf8 18. axb7+ Kb8 19. Nb5 Rf3 20. gxf3 Qxh3 21.
Nxd4 exd4 22. f4 Qg4+ 23. Kh2 d5 24. Bxd5 Bd6 25. Qh3 Qg6 26. Kh1 Bxf4 27. Rg1
Qf6 28. Qxh5 Be5 29. Bg5 1-0

[Event "Tata Steel India Blitz w"]
[Site "Kolkata IND"]
[Date "2026.01.10"]
[Round "3.4"]
[White "Dronavalli, Harika"]
[Black "Vantika, Agrawal"]
[Result "1/2-1/2"]
[WhiteTitle "GM"]
[BlackTitle "IM"]
[WhiteElo "2466"]
[BlackElo "2375"]
[WhiteFideId "5015197"]
[BlackFideId "25050389"]
[EventDate "2026.01.10"]

1. Nf3 Nf6 2. g3 d5 3. d4 c5 4. c4 dxc4 5. Qa4+ Bd7 6. Qxc4 cxd4 7. Bg2 Nc6 8.
Nxd4 Rc8 9. O-O e6 10. Nc3 Nxd4 11. Qxd4 Bc5 12. Qh4 h6 13. Bg5 O-O 14. Bxf6
Qxf6 15. Qxf6 gxf6 16. Rfd1 Bc6 17. Bxc6 Rxc6 18. Rd7 Bb4 19. Ne4 f5 20. Nf6+
Kg7 21. Nh5+ Kg6 22. Nf4+ Kf6 23. Rxb7 a5 24. Nd3 Bd6 25. Rd1 Rfc8 26. Kg2 e5
27. Ra7 e4 28. Nf4 Bxf4 29. gxf4 Rc2 30. Rd6+ Kg7 31. Rdd7 Rxe2 32. Rxf7+ Kg6
33. Rg7+ Kf6 34. Rh7 Kg6 35. Rag7+ Kf6 36. Ra7 Kg6 37. Rhg7+ Kf6 38. Rgf7+ 1/2-1/2

[Event "Tata Steel India Blitz w"]
[Site "Kolkata IND"]
[Date "2026.01.10"]
[Round "3.5"]
[White "Divya, Deshmukh"]
[Black "Lagno, Kateryna"]
[Result "0-1"]
[WhiteTitle "GM"]
[BlackTitle "GM"]
[WhiteElo "2497"]
[BlackElo "2508"]
[WhiteFideId "35006916"]
[BlackFideId "14109336"]
[EventDate "2026.01.10"]

1. d4 Nf6 2. g3 d5 3. Bg2 e6 4. Nf3 Be7 5. O-O O-O 6. b3 c5 7. dxc5 Bxc5 8. c4
Nc6 9. cxd5 exd5 10. Bb2 Ne4 11. e3 Qe7 12. Nc3 Rd8 13. Na4 Bd6 14. Nd4 Ne5 15.
Nc3 Nxc3 16. Bxc3 Bg4 17. Qd2 Rac8 18. h3 Bd7 19. Rac1 Ba3 20. Rc2 a6 21. Kh2 h5
22. f4 Nc6 23. f5 Bd6 24. f6 gxf6 25. Nxc6 Rxc6 26. Bxf6 Bxg3+ 27. Kxg3 Rxf6 28.
Rxf6 Qxf6 29. Kh2 Qe5+ 30. Kg1 Bc6 31. Qd4 Re8 32. Rd2 Qxe3+ 33. Qxe3 Rxe3 34.
Bxd5 Rxh3 35. Bxc6 bxc6 36. Rc2 Rd3 37. Kf2 Rd5 38. Kg3 c5 39. Rc4 Kg7 40. Ra4
Rd6 41. Kh4 Rd4+ 42. Rxd4 cxd4 0-1

[Event "Tata Steel India Blitz w"]
[Site "Kolkata IND"]
[Date "2026.01.10"]
[Round "4.1"]
[White "Goryachkina, Aleksandra"]
[Black "Divya, Deshmukh"]
[Result "1-0"]
[WhiteTitle "GM"]
[BlackTitle "GM"]
[WhiteElo "2534"]
[BlackElo "2497"]
[WhiteFideId "4147103"]
[BlackFideId "35006916"]
[EventDate "2026.01.10"]

1. e4 d5 2. exd5 Qxd5 3. Nc3 Qd6 4. d4 Nf6 5. Nf3 Nc6 6. Nb5 Qd8 7. c4 e6 8. a3
a6 9. Nc3 g6 10. g3 Bg7 11. Bg2 O-O 12. O-O Ne7 13. Qc2 Rb8 14. Rd1 b6 15. Bf4
Bb7 16. Rac1 Nf5 17. Be5 Qe7 18. Re1 Rfd8 19. Rcd1 Rd7 20. d5 Qd8 21. dxe6 fxe6
22. Rxd7 Qxd7 23. Bf4 Bxf3 24. Bxf3 Nd4 25. Qd1 Nxf3+ 26. Qxf3 Rf8 27. Qe2 Nh5
28. Be5 Bxe5 29. Qxe5 Ng7 30. Ne4 Qe7 31. Rd1 Rf5 32. Qc3 h6 33. b4 Rf8 34. c5
Nf5 35. Qe5 bxc5 36. Nxc5 Ng7 37. Rd7 Qf6 38. Qxf6 Rxf6 39. Nxa6 c6 40. Nc5 Rf3
41. a4 Rc3 42. a5 Rc1+ 43. Kg2 Ra1 44. a6 h5 45. a7 Ne8 46. Rd8 1-0

[Event "Tata Steel India Blitz w"]
[Site "Kolkata IND"]
[Date "2026.01.10"]
[Round "4.2"]
[White "Lagno, Kateryna"]
[Black "Dronavalli, Harika"]
[Result "0-1"]
[WhiteTitle "GM"]
[BlackTitle "GM"]
[WhiteElo "2508"]
[BlackElo "2466"]
[WhiteFideId "14109336"]
[BlackFideId "5015197"]
[EventDate "2026.01.10"]

1. e4 g6 2. d4 Bg7 3. Nc3 d6 4. Be3 a6 5. h4 h5 6. Nh3 Bxh3 7. Rxh3 Nf6 8. f3 b5
9. Qd2 c6 10. O-O-O Nbd7 11. Kb1 Qc7 12. Bg5 Rb8 13. Bd3 Nb6 14. e5 dxe5 15.
dxe5 Nfd5 16. Nxd5 Nxd5 17. e6 f5 18. g4 Qe5 19. c3 b4 20. f4 Qd6 21. c4 Nc3+
22. Kc2 Nxd1 23. Kxd1 hxg4 24. Rh2 Rd8 25. Kc2 Qd4 0-1

[Event "Tata Steel India Blitz w"]
[Site "Kolkata IND"]
[Date "2026.01.10"]
[Round "4.3"]
[White "Vantika, Agrawal"]
[Black "Vaishali, Rameshbabu"]
[Result "1-0"]
[WhiteTitle "IM"]
[BlackTitle "GM"]
[WhiteElo "2375"]
[BlackElo "2470"]
[WhiteFideId "25050389"]
[BlackFideId "5091756"]
[EventDate "2026.01.10"]

1. d4 Nf6 2. c4 e6 3. Nf3 Bb4+ 4. Bd2 Qe7 5. e3 b6 6. Bd3 Bb7 7. Nc3 Bxc3 8.
Bxc3 Ne4 9. Bxe4 Bxe4 10. O-O O-O 11. Nd2 Bb7 12. e4 d6 13. d5 Nd7 14. Qg4 f5
15. exf5 exf5 16. Qd4 Qf6 17. Qxf6 Nxf6 18. Rfe1 Kf7 19. f3 Rae8 20. Kf2 Bc8 21.
b4 Bd7 22. Rxe8 Rxe8 23. a4 g6 24. b5 Bc8 25. a5 Nd7 26. axb6 axb6 27. Ra7 Ke7
28. Rxc7 Kd8 29. Ra7 Re7 30. Nb3 Ne5 31. Rxe7 Kxe7 32. Nd2 Nd3+ 33. Ke3 Nc5 34.
Bd4 Kf7 35. Bxc5 dxc5 36. Nb1 Ke7 37. Nc3 Kd6 38. Na4 Kc7 39. Kf4 h6 40. Ke5 Bd7
41. f4 Be8 42. h4 Bd7 43. Kf6 Be8 44. Ke7 Bd7 45. d6+ 1-0

[Event "Tata Steel India Blitz w"]
[Site "Kolkata IND"]
[Date "2026.01.10"]
[Round "4.4"]
[White "Tsolakidou, Stavroula"]
[Black "Dzagnidze, Nana"]
[Result "0-1"]
[WhiteTitle "IM"]
[BlackTitle "GM"]
[WhiteElo "2479"]
[BlackElo "2469"]
[WhiteFideId "4264312"]
[BlackFideId "13601903"]
[EventDate "2026.01.10"]

1. e4 c5 2. Nf3 a6 3. c4 e6 4. d4 cxd4 5. Nxd4 Nf6 6. Nc3 Qc7 7. Be2 Nc6 8. Be3
Bb4 9. Nxc6 Qxc6 10. f3 d6 11. O-O O-O 12. Kh1 Bxc3 13. bxc3 Qc7 14. Qe1 e5 15.
Qg3 Be6 16. Bh6 Ne8 17. f4 Bxc4 18. Bxc4 Qxc4 19. f5 f6 20. Rad1 Rf7 21. Rf2
Qxe4 22. Be3 Rc8 23. Bd2 0-1

[Event "Tata Steel India Blitz w"]
[Site "Kolkata IND"]
[Date "2026.01.10"]
[Round "4.5"]
[White "Rakshitta, Ravi"]
[Black "Yip, Carissa"]
[Result "0-1"]
[WhiteTitle "WGM"]
[BlackTitle "IM"]
[WhiteElo "2321"]
[BlackElo "2466"]
[WhiteFideId "25073230"]
[BlackFideId "2090732"]
[EventDate "2026.01.10"]

1. e4 g6 2. d4 Bg7 3. Nf3 d6 4. Bc4 Nf6 5. Qe2 Nc6 6. h3 O-O 7. O-O Nh5 8. Rd1
e5 9. dxe5 Nxe5 10. Nxe5 Bxe5 11. Nc3 Re8 12. Qf3 Be6 13. Nd5 c6 14. Ne3 Nf6 15.
Bxe6 Rxe6 16. Nc4 Nxe4 17. Nxe5 Rxe5 18. Bf4 Re6 19. Be3 Qf6 20. Qxf6 Nxf6 21.
c4 d5 22. b3 a5 23. Bd4 dxc4 24. bxc4 Ne4 25. Rab1 c5 26. Ba1 b6 27. f3 Ng3 28.
Rd7 h5 29. h4 Rae8 30. Kh2 Nf5 31. Kh3 Ne3 32. Re1 Kf8 33. Rc1 R6e7 34. Rd6 Re6
35. Rd7 Nf5 36. Rdd1 Rd6 37. Rxd6 Nxd6 38. Bf6 Re6 39. Bg5 Re2 40. Bf4 Nc8 41.
Rd1 Ke8 42. Bg5 Ne7 43. Rd6 Re6 44. Rd1 f6 45. Bf4 Nc6 46. Bc7 Nd4 47. Rb1 Kd7
48. Bxb6 Ne2 49. Bxc5 Nf4+ 50. Kh2 Re2 51. Rg1 Rxa2 52. Be3 Ne6 53. Rd1+ Kc6 54.
c5 Kb5 55. Rb1+ Ka4 56. c6 Rc2 57. Rb6 Nc7 58. Kg3 Nd5 59. Rb7 Nxe3 60. Rf7 Rxc6
61. Kf2 Nf5 62. g4 hxg4 63. fxg4 Nxh4 0-1

[Event "Tata Steel India Blitz w"]
[Site "Kolkata IND"]
[Date "2026.01.10"]
[Round "5.1"]
[White "Vaishali, Rameshbabu"]
[Black "Lagno, Kateryna"]
[Result "1-0"]
[WhiteTitle "GM"]
[BlackTitle "GM"]
[WhiteElo "2470"]
[BlackElo "2508"]
[WhiteFideId "5091756"]
[BlackFideId "14109336"]
[EventDate "2026.01.10"]

1. d4 d5 2. Nf3 e6 3. e3 Nf6 4. Nbd2 Be7 5. b3 O-O 6. Bb2 b6 7. Bd3 Bb7 8. O-O
Nbd7 9. Ne5 Ne4 10. f4 f5 11. Ndf3 c5 12. Nxd7 Qxd7 13. Ne5 Qc7 14. Qe2 Rad8 15.
Rad1 Bf6 16. c4 dxc4 17. Bxc4 Qe7 18. dxc5 Nxc5 19. Rxd8 Rxd8 20. Rd1 Rd6 21. h3
Qd8 22. Rxd6 Qxd6 23. Kh2 Ne4 24. Bd4 Bh4 25. Qh5 Bg3+ 26. Kh1 Qe7 27. Qxf5 Nf2+
28. Kg1 Bc8 29. Qc2 Bb7 30. Be2 Ne4 31. Bd3 Nf6 32. Qd2 Qc7 33. Bc4 Bd5 34. Qe2
Bxc4 35. Qxc4 Qxc4 36. Nxc4 Kf7 37. Nd6+ Kg6 38. Nc8 Kf5 39. Kf1 Nd5 40. Ke2 Nb4
41. Kf3 Be1 42. Ne7# 1-0

[Event "Tata Steel India Blitz w"]
[Site "Kolkata IND"]
[Date "2026.01.10"]
[Round "5.2"]
[White "Divya, Deshmukh"]
[Black "Rakshitta, Ravi"]
[Result "1-0"]
[WhiteTitle "GM"]
[BlackTitle "WGM"]
[WhiteElo "2497"]
[BlackElo "2321"]
[WhiteFideId "35006916"]
[BlackFideId "25073230"]
[EventDate "2026.01.10"]

1. e4 e5 2. Nf3 Nc6 3. g3 g6 4. Bg2 Bg7 5. O-O Nge7 6. c3 O-O 7. d4 d5 8. exd5
Nxd5 9. Nxe5 Nxe5 10. dxe5 Be6 11. Re1 c6 12. Nd2 Qc7 13. Nf3 h6 14. h3 Rad8 15.
Qa4 g5 16. h4 Nb6 17. Qe4 Bd5 18. Qg4 Be6 19. Qh5 g4 20. Nd4 Rxd4 21. cxd4 Qd7
22. Bxh6 Bxh6 23. Qxh6 f5 24. exf6 1-0